000 00456nam a2200181Ia 4500
001 24304
005 20260414151034.0
008 260414t2014||||xx |||||||||||||| ||spa||
041 _aESP
082 _a345.2
_bR84
100 _aRosas Yataco, Jorge
_eAUT
245 0 _aLos sujetos procesales en el nuevo código procesal penal
_b
260 _c2014
300 _a479 páginas :
_c24 cm.
650 _aDER
654 _aCDE
942 _cLIB
_dJUS
_fJUS
_2ddc
_n
999 _c24304
_d24304